Estaciones de servicio. CCT 418/2005. Provincia del Chaco (Registro nro. 34149)

Detalles MARC
000 -LEADER
fixed length control field 00338 a2200109 4500
001 - CONTROL NUMBER
control field ART_48523
005 - DATE AND TIME OF LATEST TRANSACTION
control field 20260410162033.0
008 - FIXED-LENGTH DATA ELEMENTS--GENERAL INFORMATION
fixed length control field 260409a
100 1# - MAIN ENTRY--PERSONAL NAME
Personal name Godoy, Laura M.
245 10 - TITLE STATEMENT
Title Estaciones de servicio. CCT 418/2005. Provincia del Chaco
773 0# - HOST ITEM ENTRY
Title Liquidación de sueldos
Related parts - N° 154 (mar. 2019)
Record control number REV44399

No hay ítems disponibles.